| 000 | 00835cab a2200265 4500 | ||
|---|---|---|---|
| 001 | ABS59311 | ||
| 008 | 090401t1998 xxu||||| |||| 00| 0 eng d | ||
| 035 | _a(Sirsi) u88766 | ||
| 041 | _aeng | ||
| 100 | _aPettersen, N, | ||
| 245 | _aConstruction insurance - managing the risk | ||
| 260 | _c1998 | ||
| 350 | _a0 | ||
| 490 |
_aBuilding Economist _vSeptember 1998, 8-9(2) |
||
| 520 | _aConsiders the issue of who should arrange insurance for major construction projects. Whether it is the owner, the main contractor or the subcontractors who should manage the insurance risk. | ||
| 650 | _aCONSTRUCTION PROJECTS | ||
| 650 | _aCONTRACTORS | ||
| 650 |
_aInsurance _96249 |
||
| 650 | _aOWNERS | ||
| 650 | _aRISK MANAGEMENT | ||
| 650 | _aSUBCONTRACTORS | ||
| 690 |
_aInsurance _96249 |
||
| 942 | _n0 | ||
| 948 | _c30/09/1998 | ||
| 999 |
_c56119 _d56119 |
||